| Tag |
First Indicator |
Second Indicator |
Subfields |
| LEADER |
00000cam a2200000K 4500 |
| 001 |
in00002384313 |
| 005 |
20151109060447.0 |
| 008 |
860402r1956uuuudcuabc f000 0 eng d |
| 035 |
|
|
|a (OCoLC)ocm13376958
|
| 035 |
|
|
|a (OCoLC)13376958
|
| 040 |
|
|
|a JFK
|c JFK
|d OCLCQ
|d TXA
|d UtOrBLW
|
| 049 |
|
|
|a TXAM
|
| 050 |
|
4 |
|a F443.F7
|b U5 1956
|
| 110 |
1 |
|
|a United States.
|b National Park Service.
|
| 245 |
1 |
0 |
|a Fort Donelson National Military Park, Tennessee.
|
| 264 |
|
1 |
|a [Washington, D.C.] :
|b [Gov't. Print. Off],
|c [1956]
|
| 300 |
|
|
|a folder 6 unnumbered pages :
|b illustrations, map, portrait ;
|c 22 cm.
|
| 336 |
|
|
|a text
|b txt
|2 rdacontent
|
| 337 |
|
|
|a unmediated
|b n
|2 rdamedia
|
| 338 |
|
|
|a volume
|b nc
|2 rdacarrier
|
| 500 |
|
|
|a "Reprint."
|
| 651 |
|
0 |
|a Fort Donelson National Battlefield (Tenn.)
|
| 948 |
|
|
|a cataloged
|b h
|c 2008/5/27
|d c
|e jgreene
|f 3:08:34 pm
|
| 994 |
|
|
|a C0
|b TXA
|
| 999 |
|
|
|a MARS
|
| 999 |
f |
f |
|s 12fe06f8-1cfb-31ff-98b3-0989d012f5b5
|i e6ddc865-cc90-31d9-ac08-f99e3980f7be
|t 0
|
| 952 |
f |
f |
|p noncirc
|a Texas A&M University
|b College Station
|c Cushing Memorial Library & Archives
|d Cushing: Ragan Military (Does not check out)
|t 0
|e F443.F7 U5 1956
|h Library of Congress classification
|i unmediated -- volume
|
| 998 |
f |
f |
|a F443.F7 U5 1956
|t 0
|l Cushing: Ragan Military (Does not check out)
|